Online Catalogue and eLibrary

Commentary on sinhala kingship : (Record no. 3464)

MARC details
000 -LEADER
fixed length control field 00445nam a2200169Ia 4500
005 - DATE AND TIME OF LATEST TRANSACTION
control field 20250303002855.0
008 - FIXED-LENGTH DATA ELEMENTS--GENERAL INFORMATION
fixed length control field 240331s9999 xx 000 0 und d
020 ## - INTERNATIONAL STANDARD BOOK NUMBER
ISBN 9559556509
082 ## - DDC Classification
Item Number - Author Mark RAM
Class No. 954
100 ## - MAIN ENTRY--PERSONAL NAME
Personal name Rambukwelle, P.B
245 #0 - TITLE STATEMENT
Title Commentary on sinhala kingship :
Remainder of title Vijaya to Kalinga Magha
260 ## - PUBLICATION, DISTRIBUTION, ETC.
Place of publication, distribution, etc. Dehiwala
Name of publisher, distributor, etc. Sridevi Printers (Pvt) Ltd
Date of publication, distribution, etc. 1993
300 ## - PHYSICAL DESCRIPTION
Extent (e.g. Volumes, Pages etc.) 156 p .,
650 ## - SUBJECT ADDED ENTRY--TOPICAL TERM
Topical term or geographic name entry element English
650 ## - SUBJECT ADDED ENTRY--TOPICAL TERM
Topical term or geographic name entry element History
942 ## - Koha item type (Biblio)
Koha item type Books in Stacks (Lending)
Holdings
Lost status Damaged status Collection code Home library Current library Shelving location Date acquired Full call number Accession Number Item type
    Lending WERC Library WERC Library Social Science Cupboard 03/31/2024 954.93 RAM 3433 Books in Stacks (Lending)

© WERC Library